[Event "MTel"]
[Site "Sofia BUL"]
[Date "2007.05.14"]
[Round "5"]
[White "Nisipeanu, LD."]
[Black "Sasikiran, K."]
[Result "1/2-1/2"]
[WhiteElo "2693"]
[BlackElo "2690"]
[PlyCount "53"]
[EventDate "2007.05.10"]
[Source "www.chesslib.no"]
[SourceDate "2004.05.04"]

1. Nf3 d5 2. c4 dxc4 3. Na3 a6 4. Nxc4 b5 5. Ne3 Bb7 6. g3 Nf6 7. Bg2 Nbd7 8. O-O e6 9. b3 c5 10. Bb2 Be7 11. Qc2 O-O 12. Rfd1 Qb6 13. Rac1 Rac8 14. Qb1 Rfd8 15. Qa1 Ne8 16. d4 Ndf6 17. Ba3 Ne4 18. dxc5 Nxc5 19. Bb2 Bf6 20. Ne1 Bxg2 21. Kxg2 h6 22. Nf3 Ne4 23. Rxc8 Rxc8 24. Rc1 Rd8 25. Rd1 Rc8 26. Rc1 Rd8 27. Rd1 1/2-1/2

[Event "NED-ch op 5'"]
[Site "?"]
[Date "2002.02.15"]
[Round "?"]
[White "Piket Jeroen"]
[Black "Sokolov Ivan"]
[Result "1-0"]
[WhiteElo "2655"]
[BlackElo "2655"]
[PlyCount "68"]
[EventDate "2002.??.??"]
[Source "www.chesslib.no"]
[SourceDate "2004.05.04"]

1. Nf3 d5 2. c4 dxc4 3. e3 Be6 4. Na3 Nf6 5. Nxc4 g6 6. b3 Bg7 7. Bb2 O-O 8. Rc1 a5 9. a3 Nbd7 10. Be2 Nc5 11. d4 Nce4 12. O-O Bd5 13. Nfe5 c6 14. f3 Nd6 15. Qe1 Be6 16. Qf2 Nd5 17. Rfe1 Bh6 18. Bf1 f6 19. Nd3 Bf7 20. Rc2 a4 21. Nxd6 exd6 22. b4 f5 23. e4 fxe4 24. fxe4 Be6 25. Qg3 Nf4 26. d5 cxd5 27. Nxf4 Bxf4 28. Qd3 Bxh2+ 29. Kxh2 Qh4+ 30. Kg1 Qxe1 31. exd5 Bd7 32. Bd4 Bf5 33. Qe2 Qxe2 34. Rxe2 Bd3 1-0

[Event "Oslo (m/3)"]
[Site "?"]
[Date "1994.??.??"]
[Round "?"]
[White "Agdestein, S."]
[Black "Adams, Mi"]
[Result "0-1"]
[WhiteElo "2595"]
[BlackElo "2660"]
[PlyCount "80"]
[EventDate "1994.??.??"]
[Source "ChessBase"]
[SourceDate "1994.02.01"]

1. Nf3 d5 2. c4 dxc4 3. Qa4+ Nd7 4. g3 Ngf6 5. Bg2 c6 6. Qxc4 e5 7. O-O Bd6 8. Qc2 O-O 9. d4 exd4 10. Nxd4 Bc5 11. Rd1 Qb6 12. e3 Ne5 13. f4 Bg4 14. fxe5 Bxd1 15. Qxd1 Rad8 16. exf6 Bxd4 17. Qb3 Bxf6 18. Qxb6 axb6 19. Bf3 Rd3 20. Kf2 Re8 21. a4 Ra8 22. Be4 Rd6 23. Ra2 b5 24. a5 g6 25. b4 Re8 26. Bf3 Rd3 27. Ra3 Red8 28. Be2 Rd1 29. Bxd1 Rxd1 30. Bd2 Rxb1 31. Rd3 Rb2 32. Kf3 Kf8 33. e4 Ke8 34. Kf4 Bg7 35. g4 Rc2 36. g5 Bf8 37. Ke5 Rb2 38. Kf6 Bxb4 39. Bf4 Rf2 40. Ke5 Bxa5 0-1

[Event "BL2-Sued 0001"]
[Site "Germany"]
[Date "2000.10.15"]
[Round "1.1"]
[White "Krasenkow, Michal"]
[Black "Rausis, Igors"]
[Result "1/2-1/2"]
[WhiteElo "2702"]
[BlackElo "2551"]
[PlyCount "59"]
[EventDate "2000.10.15"]
[Source "ChessBase"]
[SourceDate "2001.07.03"]

1. Nf3 d5 2. c4 dxc4 3. e3 Nf6 4. Bxc4 e6 5. b3 c5 6. Bb2 Nc6 7. a3 Be7 8. Qc2 Bd7 9. Be2 h6 10. O-O O-O 11. d3 b6 12. Nbd2 Qb8 13. Rac1 Rc8 14. Nc4 Be8 15. Qb1 b5 16. Nce5 a5 17. Bd1 Ra6 18. Qa1 Rd8 19. Bc2 Qb7 20. Rfe1 Raa8 21. Nxc6 Bxc6 22. Ne5 Be8 23. Bd1 Rab8 24. Bf3 Nd5 25. d4 cxd4 26. Nd3 b4 27. axb4 axb4 28. Bxd4 Bf8 29. Qb2 Rbc8 30. Rxc8 1/2-1/2

[Event "Ajaccio Masters 2004"]
[Site "Ajaccio"]
[Date "2004.10.25"]
[Round "2.1"]
[White "Topalov, Veselin"]
[Black "Sulava, Nenad"]
[Result "1/2-1/2"]
[WhiteElo "2757"]
[BlackElo "2477"]
[PlyCount "150"]
[EventDate "2004.10.25"]
[Source "Roberto Alvarez"]
[SourceDate "2004.11.08"]

1. Nf3 d5 2. c4 dxc4 3. Na3 a6 4. Nxc4 b5 5. Ne3 Bb7 6. g3 Nd7 7. Bg2 c5 8. d4 cxd4 9. Nxd4 Bxg2 10. Nxg2 e5 11. Nb3 Bb4+ 12. Bd2 Bxd2+ 13. Qxd2 Ngf6 14. O-O O-O 15. Rfd1 Qe7 16. Qd6 Qxd6 17. Rxd6 a5 18. Ne3 a4 19. Nd2 Rfc8 20. Nf3 Rc7 21. Rad1 Rac8 22. Kg2 Kf8 23. g4 h6 24. h4 Ke8 25. a3 Rc6 26. R6d2 R8c7 27. Nf5 g6 28. Nd6+ Ke7 29. Nxb5 Rb7 30. Nc3 Nxg4 31. Nd5+ Ke8 32. Kg3 f5 33. Nb4 Rc4 34. Rd6 Ngf6 35. Kg2 Rg4+ 36. Kf1 e4 37. Ne5 Rxh4 38. Nxg6 Rh1+ 39. Kg2 Rxd1 40. Rxd1 Kf7 41. Nf4 Ne5 42. Rd6 Nc4 43. Rc6 Nxb2 44. Ne6 Rd7 45. Nf4 Rd1 46. Rc7+ Rd7 47. Rc2 Nd1 48. e3 Ng4 49. Nfd5 Ke6 50. Rc6+ Ke5 51. Nf4 Ndxe3+ 52. fxe3 Nxe3+ 53. Kg3 Nf1+ 54. Kf2 Kxf4 55. Kxf1 e3 56. Rxh6 Ke4 57. Re6+ Kf3 58. Ke1 Rh7 59. Kd1 Rh1+ 60. Kc2 f4 61. Nd3 Ra1 62. Kb2 Rd1 63. Kc3 Ra1 64. Kb4 Rd1 65. Kc3 Ra1 66. Kb2 Rd1 67. Kc2 Ra1 68. Rf6 Rxa3 69. Rxf4+ Ke2 70. Nc1+ Ke1 71. Kb2 Rb3+ 72. Nxb3 axb3 73. Kxb3 e2 74. Re4 Kd2 75. Rxe2+ Kxe2 1/2-1/2

[Event "Open Aeroflot"]
[Site "Mosca RUS"]
[Date "2007.02.16"]
[Round "3"]
[White "Tomashevsky, E."]
[Black "Ganguly, S."]
[Result "1-0"]
[WhiteElo "2624"]
[BlackElo "2571"]
[PlyCount "59"]
[EventDate "2007.02.14"]
[Source "www.chesslib.no"]
[SourceDate "2004.05.04"]

1. Nf3 d5 2. c4 dxc4 3. e3 Nf6 4. Bxc4 e6 5. O-O a6 6. Qe2 c5 7. Rd1 b5 8. Bb3 Bb7 9. a4 b4 10. d3 Nc6 11. Nbd2 Qc7 12. Nc4 Ng4 13. g3 Nge5 14. Nfxe5 Nxe5 15. Nxe5 Qxe5 16. e4 Rc8 17. Bc4 Be7 18. f4 Qc7 19. Rf1 Bf6 20. f5 e5 21. Be3 Qe7 22. h4 O-O 23. Rf2 Kh8 24. Raf1 Rfd8 25. Rg2 Rd4 26. Bxd4 exd4 27. Qh5 Rf8 28. g4 g6 29. Qh6 g5 30. hxg5 1-0

[Event "Koszalin 73/5"]
[Site "?"]
[Date "1998.??.??"]
[Round "?"]
[White "Krasenkow, Michal"]
[Black "Volzhin, Alexander"]
[Result "1/2-1/2"]
[WhiteElo "2655"]
[BlackElo "2530"]
[PlyCount "94"]
[EventDate "1998.??.??"]
[Source "ChessBase"]
[SourceDate "1998.06.01"]

1. Nf3 d5 2. c4 dxc4 3. e4 c5 4. Bxc4 Nc6 5. O-O e6 6. Nc3 a6 7. d3 Nf6 8. e5 Nd7 9. Re1 Be7 10. Bf4 O-O 11. a3 b5 12. Ba2 Bb7 13. Ne4 Nd4 14. Nxd4 cxd4 15. Qg4 Bxe4 16. Rxe4 Kh8 17. Re2 Rc8 18. Bg3 Nc5 19. Rd1 Qd7 20. f4 Rc7 21. Qf3 g6 22. Bf2 a5 23. g4 a4 24. h4 Nb3 25. Bxb3 axb3 26. h5 Rc2 27. h6 Rfc8 28. Rde1 b4 29. a4 Qxa4 30. Bxd4 Qc6 31. Qxc6 R8xc6 32. g5 Kg8 33. Kf2 Kf8 34. Ra1 Bc5 35. Ra8+ Ke7 36. Bxc5+ R6xc5 37. Rb8 Rxb2 38. Rxb2 Rc2+ 39. Ke3 Rxb2 40. Rxb4 Kd7 41. Kd4 Rf2 42. Rxb3 Rxf4+ 43. Kc5 Ra4 44. Rb7+ Ke8 45. Rb8+ Ke7 46. Rh8 Ra5+ 47. Kd4 Ra4+ 1/2-1/2

[Event "Open"]
[Site "Mosca RUS"]
[Date "2007.01.31"]
[Round "5"]
[White "Malakhov, V."]
[Black "Ionov, S."]
[Result "1-0"]
[WhiteElo "2663"]
[BlackElo "2522"]
[PlyCount "133"]
[EventDate "2007.01.27"]
[Source "www.chesslib.no"]
[SourceDate "2004.05.04"]

1. Nf3 d5 2. c4 dxc4 3. Na3 c5 4. Nxc4 Nc6 5. g3 f6 6. Bg2 e5 7. d3 Be6 8. O-O Nge7 9. b3 Nd5 10. Bb2 Be7 11. Ne1 O-O 12. e4 Nc7 13. f4 exf4 14. gxf4 f5 15. Nc2 Nb5 16. N4e3 Bf6 17. e5 Be7 18. Qf3 Qd7 19. Rad1 Rad8 20. Rf2 Rf7 21. Qg3 Nbd4 22. Nxd4 Nxd4 23. Bxd4 cxd4 24. Nc4 b5 25. Na5 Rc8 26. Qf3 Bb4 27. Nc6 Bc3 28. b4 Qe8 29. a3 Rd7 30. Qh3 Qf7 31. Kh1 Bd5 32. Na5 Rf8 33. Rg1 Qe6 34. Bf3 Rff7 35. Qg2 Bxf3 36. Qxf3 Qd5 37. Qxd5 Rxd5 38. h4 Rd8 39. Kg2 Re8 40. Kf3 Re6 41. h5 Rh6 42. Rh2 g6 43. Nb3 Re7 44. Rgg2 Kg7 45. Nc5 Be1 46. Ke2 Bc3 47. Kf1 Ba1 48. Ke1 Bc3+ 49. Kd1 Ba1 50. Na6 Bc3 51. Kc2 Rb7 52. Kb3 Rb6 53. Nc7 a5 54. bxa5 Bxa5 55. Ne8+ Kf8 56. Nf6 Rc6 57. hxg6 Rxg6 58. Nxh7+ Ke7 59. Rxg6 Rxg6 60. Ng5 Rc6 61. Rh7+ Ke8 62. Nf7 Rc3+ 63. Kb2 Bc7 64. Nh6 Bd8 65. Nxf5 Rxd3 66. e6 Bf6 67. Nd6+ 1-0

[Event "6th Festival Gp A"]
[Site "Nancy FRA"]
[Date "2008.02.21"]
[Round "5"]
[White "Bauer, Ch"]
[Black "Guliyev, N."]
[Result "1-0"]
[WhiteElo "2614"]
[BlackElo "2570"]
[PlyCount "91"]
[EventDate "2008.02.18"]
[Source "www.chesslib.no"]
[SourceDate "2004.05.04"]

1. Nf3 d5 2. c4 dxc4 3. Qa4+ Nd7 4. e4 Ngf6 5. Qxc4 e6 6. Nc3 Bd6 7. d4 e5 8. Bg5 exd4 9. Qxd4 h6 10. Bh4 O-O 11. O-O-O Bc5 12. Qc4 g5 13. Bg3 Bb6 14. e5 Nh5 15. Qe4 Qe7 16. Nd5 Qc5+ 17. Kb1 Re8 18. Bc4 Nf8 19. h4 c6 20. Nxb6 axb6 21. hxg5 Nxg3 22. fxg3 Be6 23. Bxe6 Rxe6 24. gxh6 Qe7 25. Qf5 Rg6 26. Rd6 Re8 27. Rf6 Nh7 28. Rxg6+ fxg6 29. Qxg6+ Kh8 30. e6 Nf8 31. Qf7 Nxe6 32. Qxe7 Rxe7 33. Re1 Re8 34. g4 Nc7 35. Rxe8+ Nxe8 36. Kc2 Kh7 37. g5 Nd6 38. Kd3 c5 39. Ne5 b5 40. g6+ Kxh6 41. Nf7+ Nxf7 42. gxf7 Kg7 43. Ke4 c4 44. Kd5 b6 45. Ke6 Kf8 46. a3 1-0

[Event "World Cup"]
[Site "Khanty-Mansiysk RUS"]
[Date "2007.11.27"]
[Round "2.1"]
[White "Tomashevsky, E."]
[Black "Hossain, Enam"]
[Result "1-0"]
[WhiteElo "2646"]
[BlackElo "2514"]
[PlyCount "55"]
[EventDate "2007.11.24"]
[Source "www.chesslib.no"]
[SourceDate "2004.05.04"]

1. Nf3 d5 2. c4 dxc4 3. e3 Nf6 4. Bxc4 e6 5. O-O a6 6. Qe2 c5 7. Rd1 Nc6 8. Bb3 Be7 9. d4 cxd4 10. exd4 O-O 11. Nc3 Na5 12. Bc2 b5 13. Bg5 Bb7 14. Bxf6 Bxf6 15. Be4 Bxe4 16. Nxe4 Be7 17. Ne5 Qd5 18. Nc3 Qd6 19. Rd3 Bd8 20. Rad1 Rc8 21. Rh3 h6 22. Ne4 Qd5 23. Rg3 f5 24. Nc5 Bc7 25. b4 Nb7 26. Ncd7 Rf7 27. Nxf7 Bxg3 28. Nb6 1-0

[Event "PCA-op"]
[Site "New York"]
[Date "1994.??.??"]
[Round "8"]
[White "Rohde, Michael A"]
[Black "Ehlvest, Jaan"]
[Result "0-1"]
[WhiteElo "2550"]
[BlackElo "2600"]
[PlyCount "114"]
[EventDate "1994.??.??"]
[Source "ChessBase"]

1. Nf3 d5 2. c4 dxc4 3. e3 Be6 4. Na3 Nf6 5. Nxc4 Nbd7 6. b3 g6 7. Bb2 Bg7 8. Be2 O-O 9. O-O c5 10. d4 Rc8 11. Rc1 a6 12. dxc5 Nxc5 13. Ng5 Bd5 14. Bc3 Ncd7 15. Qd4 b5 16. Ba5 Qe8 17. Nb6 Nxb6 18. Qxb6 Rxc1 19. Rxc1 Qa8 20. Nf3 Rc8 21. Rxc8+ Qxc8 22. Qd8+ Qxd8 23. Bxd8 Ne4 24. Ba5 Bc3 25. Bb6 Bf6 26. Ba5 Nc3 27. Bxc3 Bxc3 28. Bd3 e5 29. e4 Be6 30. Kf1 f6 31. Ke2 Kf7 32. Nd2 Ke7 33. a4 Bd7 34. axb5 axb5 35. Bc2 Kd6 36. Kd3 Bd4 37. f4 Kc5 38. Nf3 Bb2 39. fxe5 fxe5 40. Ng5 h6 41. Nf7 h5 42. Nd8 Kb4 43. Bd1 Bc1 44. h3 Bg5 45. Nf7 Bf6 46. Nd6 Be6 47. g4 hxg4 48. hxg4 Be7 49. Ne8 Bxb3 50. Bxb3 Kxb3 51. Nc7 b4 52. Nd5 Bd6 53. Nb6 Bc5 54. Nd7 Bd4 55. g5 Ka2 56. Nb8 b3 57. Nc6 b2 0-1

[Event "Brussels"]
[Site "Brussels BEL"]
[Date "1985.??.??"]
[Round "1"]
[White "Korchnoi, Viktor L"]
[Black "Garcia Palermo, Carlos H"]
[Result "1-0"]
[WhiteElo "2630"]
[BlackElo "2520"]
[PlyCount "47"]
[EventDate "1985.12.??"]
[Source "www.chesslib.no"]
[SourceDate "2004.05.04"]

1. Nf3 d5 2. c4 dxc4 3. Qa4+ c6 4. Qxc4 Nf6 5. g3 Bg4 6. Bg2 Nbd7 7. d4 Bxf3 8. Bxf3 e5 9. Be3 e4 10. Bg2 Nd5 11. O-O f5 12. Nc3 N7b6 13. Qb3 Qd7 14. Bd2 a5 15. a4 Bb4 16. f3 e3 17. Nxd5 Nxd5 18. Bxb4 axb4 19. f4 O-O-O 20. a5 Nc7 21. a6 Nxa6 22. Bxc6 Qe7 23. Qc4 Nc7 24. Ra7 1-0

[Event "RUS-ch"]
[Site "Elista"]
[Date "1996.??.??"]
[Round "2"]
[White "Kharlov, Andrei"]
[Black "Yakovich, Yuri"]
[Result "1/2-1/2"]
[WhiteElo "2605"]
[BlackElo "2530"]
[PlyCount "34"]
[EventDate "1996.10.15"]
[Source "ChessBase"]

1. Nf3 d5 2. c4 dxc4 3. e3 e6 4. Bxc4 c5 5. O-O Nf6 6. Qe2 a6 7. Bb3 Nc6 8. Rd1 Be7 9. d4 cxd4 10. exd4 Na5 11. Bc2 b5 12. Nc3 Bb7 13. Bg5 O-O 14. Ne5 Rc8 15. Rac1 Nc4 16. Bb3 Nb6 17. Nxf7 Rxf7 1/2-1/2

[Event "Interclubs Adultes"]
[Site "Evry FRA"]
[Date "2008.05.30"]
[Round "9.3"]
[White "Bauer, Christian"]
[Black "Rausis, Igor"]
[Result "0-1"]
[WhiteElo "2618"]
[BlackElo "2511"]
[PlyCount "128"]
[EventDate "2008.05.29"]
[Source "www.chesslib.no"]
[SourceDate "2004.05.04"]

1. Nf3 d5 2. c4 dxc4 3. Qa4+ Nc6 4. Qxc4 e5 5. d3 Bd6 6. g3 h6 7. Bg2 Nf6 8. O-O O-O 9. a3 a5 10. Qc2 Bg4 11. Nbd2 a4 12. h3 Be6 13. Kh2 Qd7 14. e4 Nh7 15. Nc4 b5 16. Ne3 Ng5 17. Nxg5 hxg5 18. Nf5 f6 19. Be3 Rfc8 20. Qe2 Bf8 21. f4 exf4 22. gxf4 Re8 23. Qh5 Rad8 24. Rac1 gxf4 25. Bxf4 Bxf5 26. exf5 Ne5 27. Bg3 c5 28. Rce1 Qf7 29. Qxf7+ Kxf7 30. Bxe5 Rxe5 31. Rxe5 Bd6 32. Bd5+ Kf8 33. Kg2 Bxe5 34. Bc6 Rb8 35. Rc1 Bd4 36. Rc2 Ke7 37. Kf3 Kd6 38. Be4 b4 39. Rg2 Rh8 40. Rxg7 Bxb2 41. Ra7 bxa3 42. Rxa4 Rxh3+ 43. Kg4 Rh2 44. Bb7 Rh7 45. Bc8 Kc6 46. Be6 Kb5 47. Ra8 Kb4 48. Rb8+ Kc3 49. Rc8 Kd4 50. Rc6 Bc3 51. Bc4 Rh6 52. Be6 Bb4 53. Ra6 Kc3 54. Kg3 Kb2 55. Kf3 Rh4 56. Bf7 Bc3 57. Ke3 Rb4 58. Ke2 Rb5 59. Kd1 Rb7 60. Be6 Re7 61. Rb6+ Bb4 62. Ra6 c4 63. Ra4 a2 64. Rxb4+ Ka3 0-1

[Event "London"]
[Site "London"]
[Date "1986.??.??"]
[Round "11"]
[White "Polugaevsky, Lev"]
[Black "Dlugy, Maxim"]
[Result "1-0"]
[WhiteElo "2575"]
[BlackElo "2545"]
[PlyCount "83"]
[EventDate "1986.03.??"]
[Source "ChessBase"]

1. Nf3 d5 2. c4 dxc4 3. Qa4+ Nc6 4. g3 g6 5. Bg2 Bg7 6. Nc3 Nh6 7. Qxc4 Nf5 8. O-O O-O 9. d3 h6 10. Bd2 Nfd4 11. Nxd4 Nxd4 12. e3 Nf5 13. Rfd1 Nd6 14. Qb4 a5 15. Qa4 Bf5 16. Be1 c5 17. h3 b5 18. Qf4 Rc8 19. Rac1 Be6 20. b3 f5 21. Qf3 Bf7 22. Qe2 Qb6 23. Rc2 Qa7 24. Rdc1 Rfd8 25. g4 e5 26. Rd1 Be6 27. Rdc1 Kh7 28. Bd5 Bxd5 29. Nxd5 b4 30. gxf5 gxf5 31. Qh5 Rf8 32. f4 e4 33. d4 c4 34. bxc4 Qb7 35. Rg2 Nxc4 36. Bh4 Qa6 37. Kh2 Nd2 38. Bf6 Nf3+ 39. Qxf3 exf3 40. Rxg7+ Kh8 41. Rf7+ Kg8 42. Rg7+ 1-0

[Event "Chicago Open"]
[Site "Chicago, IL USA"]
[Date "1996.??.??"]
[Round "?"]
[White "Schwartzman, Gabriel"]
[Black "Kaidanov, Gregory S"]
[Result "0-1"]
[WhiteElo "2510"]
[BlackElo "2605"]
[PlyCount "120"]
[EventDate "1996.??.??"]
[Source "www.chesslib.no"]
[SourceDate "2004.05.04"]

1. Nf3 d5 2. c4 dxc4 3. Na3 c5 4. Nxc4 Nc6 5. g3 f6 6. Bg2 e5 7. d3 Nge7 8. b3 Nd5 9. Bb2 Be6 10. h4 Qd7 11. h5 Be7 12. a3 Rd8 13. Rc1 O-O 14. Nh4 Bg4 15. h6 g5 16. Nf3 Qe6 17. e4 Nb6 18. Ne3 f5 19. Nxg4 fxg4 20. Nh2 c4 21. bxc4 Nxc4 22. Rxc4 Qxc4 23. O-O Rxd3 24. Qxg4 Qf7 25. Bc1 Kh8 26. Bxg5 Bxg5 27. Qxg5 Qf6 28. Qh5 Qg6 29. Qh4 Qf6 30. Qh5 Qg6 31. Qh4 Rd6 32. Ng4 Rg8 33. Bf3 Qg5 34. Qh3 Rf8 35. Be2 Nd4 36. Bd1 Rc6 37. Qg2 Rc1 38. Qh3 Rc6 39. Qg2 b5 40. f4 exf4 41. Qb2 Qc5 42. gxf4 Qc3 43. Qf2 Ne6 44. f5 Ng5 45. Qxa7 Rg8 46. f6 Rc7 47. Qe3 Qxe3+ 48. Nxe3 Nxe4+ 49. Kh2 Rf8 50. Ng4 Rcf7 51. Kh3 Nxf6 52. Bb3 Ra7 53. Kg2 Rxa3 54. Nxf6 Rxb3 55. Rc1 Ra8 56. Rc2 b4 57. Nd5 Rg8+ 58. Kh2 Rf3 59. Ne7 Rgf8 60. Kg2 b3 0-1

[Event "Amantea Open"]
[Site "Amantea"]
[Date "1995.??.??"]
[Round "7"]
[White "Giorgadze, Giorgi"]
[Black "Drasko, Milan"]
[Result "1/2-1/2"]
[WhiteElo "2605"]
[BlackElo "2510"]
[PlyCount "39"]
[EventDate "1995.09.??"]
[Source "www.chesslib.no"]
[SourceDate "2004.05.04"]

1. Nf3 d5 2. c4 dxc4 3. Na3 a6 4. Nxc4 b5 5. Ne3 Bb7 6. g3 e6 7. Bg2 Nf6 8. O-O c5 9. a4 Nbd7 10. d3 Be7 11. Qb3 Qb6 12. axb5 axb5 13. Rxa8+ Bxa8 14. Bd2 O-O 15. Ra1 Bc6 16. Ne1 Bxg2 17. N1xg2 Rb8 18. Bc3 Ne8 19. Qa2 Nc7 20. Qb3 1/2-1/2

[Event "10th Monarch Assurance, Port Erin IOM"]
[Site "?"]
[Date "2001.??.??"]
[Round "5"]
[White "Stocek, J."]
[Black "Yakovich, Y."]
[Result "1/2-1/2"]
[WhiteElo "2530"]
[BlackElo "2575"]
[PlyCount "48"]
[EventDate "2001.??.??"]
[Source "www.chesslib.no"]
[SourceDate "2004.05.04"]

1. Nf3 d5 2. c4 dxc4 3. Na3 a6 4. Nxc4 b5 5. Ne3 Bb7 6. g3 e6 7. Bg2 Nf6 8. O-O Nbd7 9. d3 c5 10. a4 Be7 11. Bd2 O-O 12. Qb1 Bd6 13. Rc1 Qe7 14. axb5 axb5 15. Rxa8 Rxa8 16. b4 cxb4 17. Nd4 Bxg2 18. Kxg2 Ne5 19. Kg1 Bc5 20. Qb2 Nfg4 21. h3 Bxd4 22. Qxd4 Qf6 23. Qf4 Nxe3 24. Qxe3 Ng6 1/2-1/2

[Event "RUS Team Ch"]
[Site "Podolsk RUS"]
[Date "1992.??.??"]
[Round "?"]
[White "Vladimirov, Evgeny Y"]
[Black "Gleizerov, Evgeny"]
[Result "1-0"]
[WhiteElo "2575"]
[BlackElo "2525"]
[PlyCount "67"]
[EventDate "1992.??.??"]
[Source "www.chesslib.no"]
[SourceDate "2004.05.04"]

1. Nf3 d5 2. c4 dxc4 3. e3 Nc6 4. Bxc4 e5 5. Nc3 Bd6 6. O-O Nf6 7. d4 O-O 8. h3 Qe7 9. a3 Bf5 10. b4 Rad8 11. Bb2 h6 12. Re1 e4 13. Nd2 Nb8 14. f3 Nbd7 15. Rf1 Nb6 16. Bb3 Rde8 17. Rc1 exf3 18. Qxf3 Bd3 19. Rfe1 Ne4 20. Ndxe4 Bxe4 21. Nxe4 Qxe4 22. b5 Kh8 23. a4 f5 24. Qxe4 fxe4 25. Rf1 Bg3 26. Ba3 Rf6 27. Bf7 Rxf7 28. Rxf7 Nd5 29. Rcf1 Re6 30. Rd7 Nxe3 31. Rf8+ Kh7 32. Rff7 Nf5 33. Rxf5 e3 34. Rff7 1-0

[Event "Mitropa Cup"]
[Site "Bad Woerishofen"]
[Date "1993.??.??"]
[Round "?"]
[White "Huebner, Robert"]
[Black "Garcia Palermo, Carlos"]
[Result "1-0"]
[WhiteElo "2620"]
[BlackElo "2475"]
[PlyCount "79"]
[EventDate "1993.01.??"]
[Source "ChessBase"]

1. Nf3 d5 2. c4 dxc4 3. Na3 c5 4. Nxc4 Nc6 5. b3 e5 6. Bb2 f6 7. g3 Nge7 8. Bg2 Be6 9. O-O Nd5 10. e3 Be7 11. d4 cxd4 12. exd4 e4 13. Ne1 f5 14. f3 O-O 15. fxe4 fxe4 16. Rxf8+ Qxf8 17. Bxe4 Rd8 18. Qe2 Nc7 19. Rd1 Bd5 20. Nf3 Bf6 21. Bxd5+ Nxd5 22. Nfe5 Qe8 23. Re1 b5 24. Na3 a6 25. Nc2 Bxe5 26. dxe5 Qe6 27. Qe4 h6 28. Re2 Rd7 29. Ne1 Nde7 30. Nd3 Qd5 31. Qxd5+ Rxd5 32. Nf4 Rd1+ 33. Kg2 b4 34. h4 a5 35. e6 Nf5 36. h5 Rb1 37. Ng6 Nce7 38. Nxe7+ Nxe7 39. Bd4 Rd1 40. Bc5 1-0

[Event "Petrosian Memorial"]
[Site "Erevan ARM"]
[Date "1994.??.??"]
[Round "?"]
[White "Taimanov, Mark E"]
[Black "Lputian, Smbat G"]
[Result "1/2-1/2"]
[WhiteElo "2505"]
[BlackElo "2590"]
[PlyCount "73"]
[EventDate "1994.??.??"]
[Source "www.chesslib.no"]
[SourceDate "2004.05.04"]

1. Nf3 d5 2. c4 dxc4 3. Na3 a6 4. Nxc4 b5 5. Ne3 Bb7 6. g3 e6 7. Bg2 Nf6 8. O-O Nbd7 9. d3 Bd6 10. Bd2 O-O 11. a4 c5 12. Qb3 Qb6 13. Bc3 Nd5 14. Nxd5 exd5 15. d4 c4 16. Qc2 b4 17. a5 Qb5 18. Bd2 Rfe8 19. Bf4 b3 20. Qd1 Bxf4 21. gxf4 c3 22. bxc3 b2 23. Rb1 Rxe2 24. Ne5 Nxe5 25. fxe5 Rc8 26. Bf3 Re4 27. Bxe4 dxe4 28. Qd2 Qd7 29. Qe3 Qg4+ 30. Kh1 Rxc3 31. Qxc3 e3+ 32. f3 Bxf3+ 33. Rxf3 Qxf3+ 34. Kg1 Qg4+ 35. Kf1 Qf3+ 36. Kg1 Qf2+ 37. Kh1 1/2-1/2

[Event "Aceimar Open"]
[Site "Aceimar"]
[Date "1995.??.??"]
[Round "?"]
[White "Giorgadze, Giorgi"]
[Black "Lima, Darcy"]
[Result "1-0"]
[WhiteElo "2590"]
[BlackElo "2505"]
[PlyCount "41"]
[EventDate "1995.??.??"]
[Source "www.chesslib.no"]
[SourceDate "2004.05.04"]

1. Nf3 d5 2. c4 dxc4 3. Na3 Nd7 4. Nxc4 Nb6 5. e3 Nxc4 6. Bxc4 e6 7. O-O Nf6 8. b4 a6 9. Qb3 b5 10. Be2 c5 11. bxc5 Bxc5 12. Ba3 Bxa3 13. Qxa3 Bd7 14. Nd4 Qb6 15. Rab1 Rc8 16. Rfc1 Rxc1+ 17. Rxc1 Ne4 18. Nxb5 Bxb5 19. Rc8+ Kd7 20. Rxh8 Bxe2 21. Qa4+ 1-0

[Event "Sarajevo"]
[Site "Sarajevo"]
[Date "1985.??.??"]
[Round "12"]
[White "Nogueiras, Jesus"]
[Black "Kurajica, Bojan"]
[Result "1/2-1/2"]
[WhiteElo "2545"]
[BlackElo "2535"]
[PlyCount "108"]
[EventDate "1985.03.??"]
[Source "ChessBase"]

1. Nf3 d5 2. c4 dxc4 3. Na3 g6 4. Nxc4 Bg7 5. g3 Nc6 6. Bg2 e5 7. O-O e4 8. Ne1 Nf6 9. d3 Be6 10. Ne3 O-O 11. Bd2 Qd7 12. Bc3 Rad8 13. Qc2 Nd4 14. Bxd4 Qxd4 15. dxe4 Ng4 16. Nxg4 Bxg4 17. h3 Bd7 18. Nf3 Qb6 19. Rad1 Bb5 20. b3 a5 21. Rxd8 Rxd8 22. Rd1 Rd6 23. e5 Qc6 24. Qb1 Rxd1+ 25. Qxd1 Qe8 26. Qd5 b6 27. Ng5 c6 28. Qd4 h6 29. Nf3 Bxe2 30. Qxb6 Bxf3 31. Bxf3 Qxe5 32. Bxc6 Qe1+ 33. Kg2 Qd2 34. Qb8+ Bf8 35. Qe5 Qd6 36. Qe4 Qf6 37. Qc4 Bb4 38. Bd5 Kg7 39. Qc7 Be1 40. f4 Qb2+ 41. Kh1 Qf6 42. Bxf7 Bxg3 43. Bc4+ Kf8 44. Qb8+ Ke7 45. Qa7+ Kf8 46. Qc5+ Kg7 47. f5 Qxf5 48. Qe7+ Kh8 49. Qe8+ Kg7 50. Qg8+ Kf6 51. Qf8+ Kg5 52. Qd8+ Qf6 53. Qd5+ Be5 54. Qd2+ Qf4 1/2-1/2

[Event "Bad Wiessee (23.10.-31.10.)"]
[Site "?"]
[Date "1999.10.30"]
[Round "8"]
[White "Bischoff Klaus[61Tegernsee"]
[Black "Volzhin Alexander"]
[Result "1/2-1/2"]
[WhiteElo "2509"]
[BlackElo "2569"]
[PlyCount "61"]
[EventDate "1999.??.??"]
[Source "www.chesslib.no"]
[SourceDate "2004.05.04"]

1. Nf3 d5 2. c4 dxc4 3. e3 e6 4. Bxc4 c5 5. O-O Nf6 6. b3 Be7 7. Bb2 Nc6 8. Be2 O-O 9. d4 cxd4 10. Nxd4 Bd7 11. Nd2 Rc8 12. Nc4 a6 13. Rc1 b5 14. Nxc6 Bxc6 15. Qxd8 Rcxd8 16. Ne5 Ba8 17. Rfd1 Nd5 18. Nd3 Rc8 19. e4 Nf6 20. f3 Rfd8 21. Kf1 Kf8 22. b4 Nd7 23. Bd4 Bg5 24. Rxc8 Rxc8 25. Nc5 Nxc5 26. Bxc5+ Be7 27. Rd7 Bxc5 28. bxc5 Bc6 29. Ra7 Be8 30. Rxa6 Rxc5 31. Ra7 1/2-1/2

[Event "LXIV Campionato polacco"]
[Site "Opole POL"]
[Date "2007.02.11"]
[Round "3"]
[White "Wojtaszek, R."]
[Black "Grabarczyk, B."]
[Result "1/2-1/2"]
[WhiteElo "2637"]
[BlackElo "2441"]
[PlyCount "114"]
[EventDate "2007.02.09"]
[Source "www.chesslib.no"]
[SourceDate "2004.05.04"]

1. Nf3 d5 2. c4 dxc4 3. Na3 a6 4. Nxc4 b5 5. Ne3 e6 6. g3 Bb7 7. Bg2 Nf6 8. O-O c5 9. b3 Be7 10. Bb2 O-O 11. Rc1 Nbd7 12. Qc2 Rc8 13. Rfd1 Qb6 14. Qb1 Rfd8 15. Qa1 Bf8 16. d4 cxd4 17. Bxd4 Bc5 18. Bxc5 Nxc5 19. Rxd8+ Rxd8 20. Qe5 Ncd7 21. Qd4 Rc8 22. Rxc8+ Bxc8 23. Qxb6 Nxb6 24. Ne5 Kf8 25. Kf1 Ke7 26. Ke1 Ne8 27. f4 f6 28. Nd3 a5 29. Kd2 Nc7 30. Nc2 Kd6 31. e4 e5 32. Ne3 Na6 33. fxe5+ fxe5 34. Nf5+ Bxf5 35. exf5 Nd7 36. g4 h6 37. h4 Nac5 38. Nf2 b4 39. Ke3 Nf6 40. g5 hxg5 41. hxg5 Nh7 42. Nh3 Nf8 43. Bf1 a4 44. bxa4 Nxa4 45. Bc4 Nb6 46. Bb3 Nbd7 47. Nf2 Nc5 48. Bg8 Nfd7 49. Ng4 Nb8 50. Bc4 Nc6 51. f6 gxf6 52. Nxf6 Ke7 53. Ne4 Ne6 54. g6 Ncd4 55. Ng3 Kf6 56. Ke4 b3 57. axb3 Nxb3 1/2-1/2

[Event "13th HIT Open A"]
[Site "Nova Gorica SLO"]
[Date "2008.01.30"]
[Round "7"]
[White "Markus, Rob"]
[Black "Jovanic, O."]
[Result "1-0"]
[WhiteElo "2575"]
[BlackElo "2491"]
[PlyCount "75"]
[EventDate "2008.01.26"]
[Source "www.chesslib.no"]
[SourceDate "2004.05.04"]

1. Nf3 d5 2. c4 dxc4 3. e3 Be6 4. Na3 Nf6 5. Bxc4 Bxc4 6. Nxc4 Nbd7 7. O-O e6 8. Qe2 Be7 9. Rd1 O-O 10. e4 c5 11. d4 b5 12. dxc5 bxc4 13. c6 Qc7 14. cxd7 Nxd7 15. Bf4 Qc6 16. Rac1 Nb6 17. b3 Ba3 18. Rc2 Rfd8 19. Rf1 Qb7 20. bxc4 Rac8 21. Rb1 Qa6 22. Be3 Rd7 23. Bxb6 axb6 24. g3 Rdc7 25. Rb3 g6 26. Kg2 Bf8 27. h4 h5 28. Ng5 Be7 29. Qe3 Bxg5 30. hxg5 Rc5 31. Rcb2 Qxc4 32. Rxb6 Ra5 33. Rb8 Rxb8 34. Rxb8+ Kg7 35. Qf4 Qd4 36. Rb7 Kh8 37. Qxf7 Qxe4+ 38. Kh2 1-0